Aplikácia niektorých metód rozhodovania v podnikovej praxi záverečná práca postgraduálneho štúdia

Guardado en:
Detalles Bibliográficos
Autor principal: Chabada, Miroslav
Autor Corporativo: Vysoká škola ekonomická v Bratislave
Otros Autores: Pinka, Dušan
Formato: Libro
Lenguaje:eslovaco
Publicado: Bratislava 1985
Etiquetas: Agregar Etiqueta
Sin Etiquetas, Sea el primero en etiquetar este registro!

MARC

LEADER 00000nam a2200000 4500
001 c028951
005 20221220075053.2
041 0 |a slo 
044 |a SK 
245 1 0 |a Aplikácia niektorých metód rozhodovania v podnikovej praxi  |b záverečná práca postgraduálneho štúdia  |c Miroslav Chabada ; Ved. práce Dušan Pinka 
264 1 |a Bratislava  |c 1985 
300 |a 80 s. 
100 1 |a Chabada, Miroslav 
700 1 |a Pinka, Dušan 
710 2 |a Vysoká škola ekonomická v Bratislave